Southville International School and Colleges
Your cart is empty.
  • Cart
  • Lists
    Public lists Eva Luna New books Lux_list list_1
    Your lists Log in to create your own lists
  • Log in to your account
  • Your cookies
  • Search history
Southville International School and Colleges
  • Advanced search
  • Recent comments
  • Most popular
  • Libraries

Log in to your account

Log in with GOOGLE


If you do not have an external account, but do have a local account, you can still log in:

  1. Home
  2. MARC view: Desk reference to the diagnostic criteria from DSM-5 /
Normal view MARC view ISBD view

Desk reference to the diagnostic criteria from DSM-5 / (Record no. 275888)

[ view plain ]
MARC details
000 -LEADER
fixed length control field 01149cam a2200289 a 4500
005 - DATE AND TIME OF LATEST TRANSACTION
control field 20140925155206.0
008 - FIXED-LENGTH DATA ELEMENTS--GENERAL INFORMATION
fixed length control field 130318s2013 dcu 001 0 eng
010 ## - LIBRARY OF CONGRESS CONTROL NUMBER
LC control number 2013011060
020 ## - INTERNATIONAL STANDARD BOOK NUMBER
International Standard Book Number 9780890425565 (pbk. : alk. paper)
035 ## - SYSTEM CONTROL NUMBER
System control number (DNLM)101604222
040 ## - CATALOGING SOURCE
Original cataloging agency DNLM/DLC
Transcribing agency DLC
Modifying agency DLC
042 ## - AUTHENTICATION CODE
Authentication code pcc
050 00 - LIBRARY OF CONGRESS CALL NUMBER
Classification number RC 470
Item number .Am44 2013
110 2# - MAIN ENTRY--CORPORATE NAME
Corporate name or jurisdiction name as entry element American Psychiatric Association.
245 10 - TITLE STATEMENT
Title Desk reference to the diagnostic criteria from DSM-5 /
Statement of responsibility, etc American Psychiatric Association.
246 30 - VARYING FORM OF TITLE
Title proper/short title Diagnostic criteria from DSM-5.
260 ## - PUBLICATION, DISTRIBUTION, ETC. (IMPRINT)
Place of publication, distribution, etc Washington, DC :
Name of publisher, distributor, etc American Psychiatric Publishing,
Date of publication, distribution, etc ©2013.
300 ## - PHYSICAL DESCRIPTION
Extent xlviii, 395 pages ;
Dimensions 17 cm.
500 ## - GENERAL NOTE
General note "The Desk reference to the diagnosis criteria from DSM-5 is meant to be used in conjunction with the full DSM-5"--p. vii.
630 02 - SUBJECT ADDED ENTRY--UNIFORM TITLE
Uniform title Diagnostic and statistical manual of mental disorders.
Version 5th ed.
650 #0 - SUBJECT ADDED ENTRY--TOPICAL TERM
Topical term or geographic name as entry element Psychiatric disability evaluation.
650 #0 - SUBJECT ADDED ENTRY--TOPICAL TERM
Topical term or geographic name as entry element Managed mental health care.
650 12 - SUBJECT ADDED ENTRY--TOPICAL TERM
Topical term or geographic name as entry element Mental Disorders
General subdivision diagnosis.
650 22 - SUBJECT ADDED ENTRY--TOPICAL TERM
Topical term or geographic name as entry element Mental Disorders
General subdivision classification.
710 2# - ADDED ENTRY--CORPORATE NAME
Corporate name or jurisdiction name as entry element American Psychiatric Association.
942 ## - ADDED ENTRY ELEMENTS (KOHA)
Source of classification or shelving scheme Library of Congress Classification
Koha item type Books
Call number prefix Foreign
Holdings
Withdrawn status Lost status Source of classification or shelving scheme Damaged status Home library Current library Shelving location Date acquired Source of acquisition Cost, normal purchase price Total Checkouts Total Renewals Full call number Barcode Checked out Date last seen Date checked out Price effective from Koha item type
    Library of Congress Classification   College Library College Library Reserve Section 09/25/2014 Library Fund 5520.00 12 39 RC 470 .Am44 2013 C18666 03/11/2020 02/01/2020 02/01/2020 09/25/2014 Books

Desk reference to the diagnostic criteria from DSM-5 /

APA

American Psychiatric Association, American Psychiatric Association, . (2013). Desk reference to the diagnostic criteria from DSM-5. Washington, DC: American Psychiatric Publishing.

Chicago

American Psychiatric Association, American Psychiatric Association, . 2013. Desk reference to the diagnostic criteria from DSM-5. Washington, DC: American Psychiatric Publishing.

Harvard

American Psychiatric Association, American Psychiatric Association, . (2013). Desk reference to the diagnostic criteria from DSM-5. Washington, DC: American Psychiatric Publishing.

MLA

American Psychiatric Association, American Psychiatric Association, . Desk reference to the diagnostic criteria from DSM-5. Washington, DC: American Psychiatric Publishing. 2013.

  • Place hold
  • Print
  • Cite
  • Add to your cart (remove)
  • Save record
    BIBTEX Dublin Core MARCXML MARC (non-Unicode/MARC-8) MARC (Unicode/UTF-8) MARC (Unicode/UTF-8, Standard) MODS (XML) RIS
  • More searches
    Search for this title in:
    Other Libraries (WorldCat) Other Databases (Google Scholar) Online Stores (Bookfinder.com) Open Library (openlibrary.org)

Exporting to Dublin Core...

SOUTHVILLE LIBRARY

Southville International School and Colleges Library

1281 Tropical Ave. Cor. Luxembourg St., BF Homes International, Las Pinas City

Tel. No. 8256374 / 252358 Loc. 117/146

Powered by Koha